000 00616nam a22002171a 4500
001 3950
003 BD-RjUL
005 20211208233816.0
008 851029s1956 enk 000 0 eng d
035 _a(BD-RjUL)3984
035 _a(BD-RjUL)
040 _aNZOC
_beng
_cNZOC
_dNZOC
_dBD-RjUL
041 _aeng
082 0 4 _218
_a334.6
_bBEH 1956
100 1 _aBelov, Fedor Fedorovich.
_912583
245 1 4 _aThe history of a Soviet collective farm /
_cFedor Belov.
260 _aLondon :
_bRoutledge & Kegan Paul,
_cc1956.
300 _a237 p. ;
_c21 cm.
650 0 _aAgriculture
_zSoviet Union.
_912530
942 _2ddc
_cBK
999 _c3950
_d3950